000 nam a22 7a 4500
999 _c8036
_d8036
008 171123b xxu||||| |||| 00| 0 eng d
020 _a9780898217513
100 _aReader Digest
_94485
245 _aTaste of home comfor food cookbook diet